Brazil : Selected Issues.

This Selected Issues paper examines the proximate causes of dramatic fall in investment in Brazil and the prospects for investment going forward. A variety of factors contributed to the investment decline, including deterioration in Brazil's medium-term growth prospects, rising real interest ra...

Полное описание

Библиографические подробности
Соавтор: International Monetary Fund. Western Hemisphere Dept
Формат: Журнал
Язык:English
Опубликовано: Washington, D.C. : International Monetary Fund, 2017.
Серии:IMF Staff Country Reports; Country Report ; No. 2017/216
Online-ссылка:Full text available on IMF
LEADER 01788cas a2200241 a 4500
001 AALejournalIMF017804
008 230101c9999 xx r poo 0 0eng d
020 |c 5.00 USD 
020 |z 9781484309919 
022 |a 1934-7685 
040 |a BD-DhAAL  |c BD-DhAAL 
110 2 |a International Monetary Fund.  |b Western Hemisphere Dept. 
245 1 0 |a Brazil :   |b Selected Issues. 
264 1 |a Washington, D.C. :  |b International Monetary Fund,  |c 2017. 
300 |a 1 online resource (111 pages) 
490 1 |a IMF Staff Country Reports 
500 |a <strong>Off-Campus Access:</strong> No User ID or Password Required 
500 |a <strong>On-Campus Access:</strong> No User ID or Password Required 
506 |a Electronic access restricted to authorized BRAC University faculty, staff and students 
520 3 |a This Selected Issues paper examines the proximate causes of dramatic fall in investment in Brazil and the prospects for investment going forward. A variety of factors contributed to the investment decline, including deterioration in Brazil's medium-term growth prospects, rising real interest rates, falling terms of trade, rising uncertainty related to economic policy, rising levels of corporate leverage and lower cash flow. Some of the factors that have weighed on investment over recent years have begun to normalize providing some impetus for a recovery. However, still-high levels of corporate leverage and the prospect of continued uncertainty related to economic policy settings suggest a turnaround in investment is likely to be subdued. 
538 |a Mode of access: Internet 
830 0 |a IMF Staff Country Reports; Country Report ;  |v No. 2017/216 
856 4 0 |z Full text available on IMF  |u http://elibrary.imf.org/view/journals/002/2017/216/002.2017.issue-216-en.xml  |z IMF e-Library